书目信息 |
| 题名: |
新时期政策学习必读
|
|
| 作者: | ;《新时期政策学习必读》编写组 编 | |
| 分册: | ||
| 出版信息: | 沈阳 辽宁人民出版社 1986 |
|
| 页数: | 300页 | |
| 开本: | 19cm | |
| 丛书名: | ||
| 单 册: | ||
| 中图分类: | D60 | |
| 科图分类: | ||
| 主题词: | 政治--政策--中国 , 政论--中国 | |
| 电子资源: | ||
| ISBN: | ||
| 000 | 00725nam0 2200241 45 | |
| 001 | 0186019767 | |
| 005 | 20050623154431.0 | |
| 010 | @dCNY1.35 | |
| 091 | @a3090.800 | |
| 100 | @a19900802d1986 em y0chiy0121 ea | |
| 101 | 0 | @achi |
| 102 | @aCN@b210000 | |
| 105 | @ay z 000yy | |
| 200 | 10 | @a新时期政策学习必读@Axin shi qi zheng ce xue xi bi du@f《新时期政策学习必读》编写组编@F《Xin Shi Qi Zheng Ce Xue Xi Bi Du》Bian Xie Zu Bian |
| 210 | @a沈阳@c辽宁人民出版社@d1986 | |
| 215 | @a300页@d19cm | |
| 606 | @a政治@x政策@x中国 | |
| 606 | 0 | @a政论@x中国 |
| 690 | @aD60@v3 | |
| 711 | 02 | @a《新时期政策学习必读》编写组@4编 |
| 801 | 0 | @aCN@b深圳图书馆@c20040421 |
| 801 | 2 | @aCN@bNLC@c20040421 |
| 905 | @dD60@e10@f1@b164637 | |
| 新时期政策学习必读/《新时期政策学习必读》编写组编.-沈阳:辽宁人民出版社,1986 |
| 300页;19cm |
| ISBN :CNY1.35 |
| ● |
| 相关链接 |
|
|
|
|
正题名:新时期政策学习必读
索取号:D60/10
 
预约/预借
| 序号 | 登录号 | 条形码 | 馆藏地/架位号 | 状态 | 备注 |
| 1 | 0164635 | 000484078 | 密集书库/ [索取号:D60/10] | 在馆 | |
| 2 | 0164636 | 000484069 | 密集书库/ [索取号:D60/10] | 在馆 | |
| 3 | 0164637 | 000482481 | 第一样本阅览室/ [索取号:D60/10] | 在馆 |